Dettagli MARC
| 000 -LEADER |
| fixed length control field |
05327njm a2200661Ia 4500 |
| 001 - CONTROL NUMBER |
| control field |
B9974 |
| 003 - CONTROL NUMBER IDENTIFIER |
| control field |
IT-RoPAU |
| 005 - DATE AND TIME OF LATEST TRANSACTION |
| control field |
20220918181115.0 |
| 008 - FIXED-LENGTH DATA ELEMENTS--GENERAL INFORMATION |
| fixed length control field |
131025s9999 xx 000 0 und d |
| 040 ## - CATALOGING SOURCE |
| Original cataloging agency |
IT-RoPAU |
| 040 ## - CATALOGING SOURCE |
| Transcribing agency |
IT-RoPAU |
| 999 ## - SYSTEM CONTROL NUMBERS (KOHA) |
| Koha Dewey Subclass [OBSOLETE] |
n.d. |
| 100 ## - MAIN ENTRY--PERSONAL NAME |
| Personal name |
AA.VV. |
| 9 (RLIN) |
794 |
| 100 ## - MAIN ENTRY--PERSONAL NAME |
| Relator term |
Autore musica |
| 9 (RLIN) |
29666 |
| 100 ## - MAIN ENTRY--PERSONAL NAME |
| Miscellaneous information |
Codice autore musica SPICS: 12000 |
| 9 (RLIN) |
796 |
| 245 ## - TITLE STATEMENT |
| Title |
Riverside Story (The) |
| 250 ## - EDITION STATEMENT |
| Edition statement |
2a ed. |
| 260 ## - PUBLICATION, DISTRIBUTION, ETC. (IMPRINT) |
| Place of publication, distribution, etc. |
MILANO |
| 260 ## - PUBLICATION, DISTRIBUTION, ETC. (IMPRINT) |
| Name of publisher, distributor, etc. |
RUSCONI |
| Date of publication, distribution, etc. |
1994 [1a Ed.:0] |
| 300 ## - PHYSICAL DESCRIPTION |
| Extent |
COMPACT DISC |
| 300 ## - PHYSICAL DESCRIPTION |
| Dimensions |
71 minuti (Testo: 0 pag.) |
| 500 ## - GENERAL NOTE |
| General note |
Musica jazz. Compact fuori commercio allegato al n. 1 1994 della rivista "Musica jazz". |
| 505 ## - FORMATTED CONTENTS NOTE |
| Formatted contents note |
Brilliant Corners [(New York, 19 ottobre 1956) (Monk Thelonious) (8:00)] - Laura [(New York, 12 marzo 1957) (Hawkins Coleman) (5:00)] - My Old Flame [(New York, 27 maggio 1957) (Dorham Kenny) (6:00)] - C-Jam Blues [(New York, 6 settembre 1957) (Terry Clark) (4:00)] - Mama Daddy [(New York, 16 ottobre 1957) (Ware Wilbur) (4:00)] - Someday I'll Find You [(New York, 27 febbraio 1958) (Rollins Sonny) (5:00)] - Solar [(New York, settembre 1958) (Baker Chet) (6:00)] - Jodie's Cha Cha [(New York, settembre 1958) (Roach Max) (5:00)] - You Got It! [(San Francisco, jazz Workshop, 18 o 20 ottobre 1959) (Adderly Cannonball) (6:00)] - Come Rain Or Come Shine [(New York, 28 dicembre 1959) (Evans Bill) (4:00)] - This Here [(New York, 13 o 14 gennaio 1960) (Timmons Bobby) (4:00)] - D Natural Blues [(New York, 26 o 28 gennaio 1960) (Montgomery Wes) (6:00)] - Nardis [(New York, 8 maggio 1961) (Russell George) (5:00)] - Our Delight Alt. Take [(New York, 27 febbraio 1962) (Dameron Tadd) (3:00)] - Time Off [(New York, Birdland, 16 giugno 1963) (Blakey Art) (5:00)] |
| 511 ## - PARTICIPANT OR PERFORMER NOTE |
| Participant or performer note |
Henry Ernie: alto; Rollins Sonny: ten; Monk Thelonious: p; Pettiford Oscar: cb; Roach Max: batt |
| 511 ## - PARTICIPANT OR PERFORMER NOTE |
| Participant or performer note |
Sulieman Idrees: tr; Johnson J.J.: trne; Hawkins Coleman: ten; Jones Hank: p; Galbraith Barry: chit; Pettiford Oscar: cb; Jones Jo: batt |
| 511 ## - PARTICIPANT OR PERFORMER NOTE |
| Participant or performer note |
Dorham Kenny: tr; Rollins Sonny: ten; Glamann Betty: arpa; Jones Hank: p; Pettiford Oscar: cb; Roach Max: batt |
| 511 ## - PARTICIPANT OR PERFORMER NOTE |
| Participant or performer note |
Terry Clark: tr; Woodman Britt: trne; Hodges Johnny: alto; Gonsalves Paul: ten; Glenn Tyree: vib; Woode Jimmy: cb; Woodyard Sam: batt |
| 511 ## - PARTICIPANT OR PERFORMER NOTE |
| Participant or performer note |
Jenkins John: alto; Griffin Johnny: ten; Mance Junior: p; Ware Wilbur: cb; Campbell Wilbur: batt |
| 511 ## - PARTICIPANT OR PERFORMER NOTE |
| Participant or performer note |
Rollins Sonny: ten; Pettiford Oscar: cb; Roach Max: batt |
| 511 ## - PARTICIPANT OR PERFORMER NOTE |
| Participant or performer note |
Baker Chet, Haig Al, Chambers Paul, Joe Jones Philly |
| 511 ## - PARTICIPANT OR PERFORMER NOTE |
| Participant or performer note |
Little Booker: tr; Coleman George: ten; Draper Ray: tuba; Davis Art: cb; Roach Max: batt |
| 511 ## - PARTICIPANT OR PERFORMER NOTE |
| Participant or performer note |
Adderley Nat: corn; Adderley Cannonball: alto; Timmons Bobby: p; Jones Sam: cb; Hayes Louis: batt |
| 511 ## - PARTICIPANT OR PERFORMER NOTE |
| Participant or performer note |
Evans Bill: p; Lafaro Scott: cb; Motion Paul: batt |
| 511 ## - PARTICIPANT OR PERFORMER NOTE |
| Participant or performer note |
Timmons Bobby: p; Jones Sam: cb; Cobb Jimmy: batt |
| 511 ## - PARTICIPANT OR PERFORMER NOTE |
| Participant or performer note |
Montgomery Wes: chit; Flanagan Tommy: p; Heath Percy: cb; Heath Albert: batt |
| 511 ## - PARTICIPANT OR PERFORMER NOTE |
| Participant or performer note |
Ellis Don: tr; Baker Dave: trne; Dolphy Eric: cl e b; Russell George: p; Swallow Steve: cb; Hunt Joe: batt |
| 511 ## - PARTICIPANT OR PERFORMER NOTE |
| Participant or performer note |
Wilder Joe: tr; Terry Clark: tr; Royal Ernie: tr; Cleveland Jimmy: trne; Woodman Britt: trne; Watkins Julius: corno; Wright Leo: alto, fl; Richardson Jerome: ten, fl; Griffin Johnny: ten; Houston Tate: bar; Evans Bill: p; Duvivier George: cb; Joe Jones Philly: batt |
| 511 ## - PARTICIPANT OR PERFORMER NOTE |
| Participant or performer note |
Hubbard Freddie: tr; Fuller Curtis: trne; Shorter Wayne: ten; Walton Cedar: p; Workman Reggie: cb; Blakey Art: batt; Art Blakey's Jazz Messengers |
| 650 ## - SUBJECT ADDED ENTRY--TOPICAL TERM |
| Topical term or geographic name as entry element |
JAZZ [COMPACT DISC] |
| Relator term |
Codice MATERIA SPICS: 9949 |
| 9 (RLIN) |
11822 |
| 700 ## - ADDED ENTRY--PERSONAL NAME |
| Personal name |
Monk Thelonious |
| Dates associated with a name |
Codice autore musica SPICS: 10795 |
| Relator term |
Autore musica |
| Name of part/section of a work |
Brilliant Corners |
| 9 (RLIN) |
29667 |
| 700 ## - ADDED ENTRY--PERSONAL NAME |
| Personal name |
Raskin Dave |
| Dates associated with a name |
Codice autore musica SPICS: 13976 |
| Relator term |
Autore musica |
| Name of part/section of a work |
Laura |
| 9 (RLIN) |
29668 |
| 700 ## - ADDED ENTRY--PERSONAL NAME |
| Personal name |
Mercer David |
| Dates associated with a name |
Codice autore SPICS: 29716 |
| Relator term |
Autore |
| Name of part/section of a work |
Laura |
| 9 (RLIN) |
29669 |
| 700 ## - ADDED ENTRY--PERSONAL NAME |
| Personal name |
Johnson |
| Dates associated with a name |
Codice autore musica SPICS: 20146 |
| Relator term |
Autore musica |
| Name of part/section of a work |
My Old Flame |
| 9 (RLIN) |
29670 |
| 700 ## - ADDED ENTRY--PERSONAL NAME |
| Personal name |
Coslow |
| Dates associated with a name |
Codice autore SPICS: 22532 |
| Relator term |
Autore |
| Name of part/section of a work |
My Old Flame |
| 9 (RLIN) |
29671 |
| 700 ## - ADDED ENTRY--PERSONAL NAME |
| Personal name |
Ellington Duke |
| Dates associated with a name |
Codice autore musica SPICS: 13023 |
| Relator term |
Autore musica |
| Name of part/section of a work |
C Jam Blues |
| 9 (RLIN) |
29672 |
| 700 ## - ADDED ENTRY--PERSONAL NAME |
| Personal name |
Ware Wilbur |
| Dates associated with a name |
Codice autore musica SPICS: 39940 |
| Relator term |
Autore musica |
| Name of part/section of a work |
Mama Daddy |
| 9 (RLIN) |
29673 |
| 700 ## - ADDED ENTRY--PERSONAL NAME |
| Personal name |
Coward N. |
| Dates associated with a name |
Codice autore musica SPICS: 14417 |
| Relator term |
Autore musica |
| Name of part/section of a work |
Someday I'll Find You |
| 9 (RLIN) |
29674 |
| 700 ## - ADDED ENTRY--PERSONAL NAME |
| Personal name |
Davis Miles |
| Dates associated with a name |
Codice autore musica SPICS: 10734 |
| Relator term |
Autore musica |
| Name of part/section of a work |
Solar - Nardis |
| 9 (RLIN) |
29675 |
| 700 ## - ADDED ENTRY--PERSONAL NAME |
| Personal name |
Lee Bill |
| Dates associated with a name |
Codice autore musica SPICS: 39941 |
| Relator term |
Autore musica |
| Name of part/section of a work |
Jodie's Cha Cha |
| 9 (RLIN) |
29676 |
| 700 ## - ADDED ENTRY--PERSONAL NAME |
| Personal name |
Adderly Cannonball |
| Dates associated with a name |
Codice autore musica SPICS: 16317 |
| Relator term |
Autore musica |
| Name of part/section of a work |
You Got It! |
| 9 (RLIN) |
29677 |
| 700 ## - ADDED ENTRY--PERSONAL NAME |
| Personal name |
Mercer David |
| Dates associated with a name |
Codice autore musica SPICS: 29716 |
| Relator term |
Autore musica |
| Name of part/section of a work |
Come Rain Or Come Shine |
| 9 (RLIN) |
29678 |
| 700 ## - ADDED ENTRY--PERSONAL NAME |
| Personal name |
Arlen Harold |
| Dates associated with a name |
Codice autore SPICS: 13025 |
| Relator term |
Autore |
| Name of part/section of a work |
Come Rain Or Come Shine |
| 9 (RLIN) |
29679 |
| 700 ## - ADDED ENTRY--PERSONAL NAME |
| Personal name |
Timmons Bobby |
| Dates associated with a name |
Codice autore musica SPICS: 28659 |
| Relator term |
Autore musica |
| Name of part/section of a work |
This Here |
| 9 (RLIN) |
29680 |
| 700 ## - ADDED ENTRY--PERSONAL NAME |
| Personal name |
Montgomery Wes |
| Dates associated with a name |
Codice autore musica SPICS: 16180 |
| Relator term |
Autore musica |
| Name of part/section of a work |
D Natural Blues |
| 9 (RLIN) |
29681 |
| 700 ## - ADDED ENTRY--PERSONAL NAME |
| Personal name |
Dameron Tadd |
| Dates associated with a name |
Codice autore musica SPICS: 10526 |
| Relator term |
Autore musica |
| Name of part/section of a work |
Our Delight Alt. Take |
| 9 (RLIN) |
29682 |
| 700 ## - ADDED ENTRY--PERSONAL NAME |
| Personal name |
Fuller Curtis |
| Dates associated with a name |
Codice autore musica SPICS: 39943 |
| Relator term |
Autore musica |
| Name of part/section of a work |
Time Off |
| 9 (RLIN) |
29683 |
| 942 ## - ADDED ENTRY ELEMENTS (KOHA) |
| Koha item type |
CD AUDIO |
| Source of classification or shelving scheme |
Dewey Decimal Classification |